[Event "Olympiad Women-43"]
[Site "Batumi"]
[Date "2018.10.01"]
[Round "7.12"]
[White "Agbabishvili, Lali"]
[Black "Sherif, Amina"]
[Result "1/2-1/2"]
[WhiteElo "2128"]
[BlackElo "1946"]
[PlyCount "102"]
[EventDate "2018.09.24"]
[EventType "team-swiss"]
[EventRounds "11"]
[EventCountry "GEO"]
[SourceTitle "EXT 2020"]
[Source "ChessBase"]
[SourceDate "2019.10.17"]
[SourceVersion "1"]
[SourceVersionDate "2019.10.17"]
[SourceQuality "1"]
[WhiteTeam "Canada (W)"]
[BlackTeam "Egypt (W)"]
[WhiteTeamCountry "CAN"]
[BlackTeamCountry "EGY"]

1. Nf3 Nf6 2. g3 d5 3. Bg2 c5 4. 0-0 e6 5. d3 Nc6 6. c4 Be7 7. b3 0-0 8. Na3 b6 9. Bb2 Bb7 10. cxd5 exd5 11. d4 Re8 12. dxc5 bxc5 13. e3 Qa5 14. Nc2 Rad8 15. Qd2 Qc7 16. Qc3 Bf8 17. Rfd1 Ne4 18. Qe1 d4 19. Qf1 Qb6 20. Na3 dxe3 21. fxe3 Nb4 22. Nc4 Qe6 23. a3 Nd5 24. Nfe5 Nd6 25. Qf2 f6 26. Nxd6 Bxd6 27. Nc4 Bc7 28. e4 Nb6 29. Rxd8 Bxd8 30. Qxc5 Nxc4 31. Qxc4 Qxc4 32. bxc4 Bxe4 33. Bd4 Bxg2 34. Kxg2 Re4 35. Bxa7 Rxc4 36. a4 Ba5 37. Ra2 Kf7 38. Kf3 Ke6 39. Ra3 Kd5 40. Rd3+ Kc6 41. Re3 Rxa4 42. Re7 g5 43. Rxh7 Kd5 44. Rg7 Bc3 45. Bf2 Be5 46. h4 gxh4 47. gxh4 Ra3+ 48. Kg2 Ke6 49. h5 Bf4 50. Bh4 Ra5 51. Rh7 Kf5 1/2-1/2

[Event "Olympiad Women-43"]
[Site "Batumi"]
[Date "2018.09.27"]
[Round "4.19"]
[White "Manar, Khalil"]
[Black "Agbabishvili, Lali"]
[Result "0-1"]
[WhiteElo "1797"]
[BlackElo "2128"]
[PlyCount "74"]
[EventDate "2018.09.24"]
[EventType "team-swiss"]
[EventRounds "11"]
[EventCountry "GEO"]
[SourceTitle "EXT 2020"]
[Source "ChessBase"]
[SourceDate "2019.10.17"]
[SourceVersion "1"]
[SourceVersionDate "2019.10.17"]
[SourceQuality "1"]
[WhiteTeam "Syria (W)"]
[BlackTeam "Canada (W)"]
[WhiteTeamCountry "SYR"]
[BlackTeamCountry "CAN"]

1. e4 c5 2. Nf3 d6 3. d4 cxd4 4. Nxd4 Nf6 5. Nc3 a6 6. Be2 e5 7. Nb3 Be6 8. 0-0 Nbd7 9. Kh1 Rc8 10. f4 Be7 11. Qe1 0-0 12. Be3 b5 13. a3 Kh8 14. Rd1 Qc7 15. Qg3 Nb6 16. fxe5 dxe5 17. Bxb6 Qxb6 18. Qxe5 Rfe8 19. Qd4 Qxd4 20. Nxd4 Bxa3 21. Ncxb5 Bf8 22. Nc3 Bc4 23. Bd3 Kg8 24. Nf5 Re6 25. Ne3 Bxd3 26. cxd3 Rb6 27. Nc4 Rbc6 28. e5 Ng4 29. Rf3 Re8 30. Re1 f6 31. Na5 Rc5 32. Nc4 fxe5 33. h3 Nf6 34. Nd2 Rb8 35. Nc4 Re8 36. Ne4 Rc6 37. Rf5 Nd7 0-1

[Event "Olympiad Women-43"]
[Site "Batumi"]
[Date "2018.09.26"]
[Round "3.13"]
[White "Agbabishvili, Lali"]
[Black "Yu, Jennifer R"]
[Result "0-1"]
[WhiteElo "2128"]
[BlackElo "2268"]
[PlyCount "170"]
[EventDate "2018.09.24"]
[EventType "team-swiss"]
[EventRounds "11"]
[EventCountry "GEO"]
[SourceTitle "EXT 2020"]
[Source "ChessBase"]
[SourceDate "2019.10.17"]
[SourceVersion "1"]
[SourceVersionDate "2019.10.17"]
[SourceQuality "1"]
[WhiteTeam "Canada (W)"]
[BlackTeam "United States (W)"]
[WhiteTeamCountry "CAN"]
[BlackTeamCountry "USA"]

1. d4 d5 2. Bf4 Nf6 3. e3 e6 4. Nf3 Bd6 5. Ne5 0-0 6. Bd3 c5 7. c3 Nc6 8. Nd2 Qc7 9. Ndf3 b6 10. Nxc6 Qxc6 11. Bxd6 Qxd6 12. Ne5 Bb7 13. 0-0 Ne4 14. f3 f6 15. Ng4 Ng5 16. f4 Ne4 17. Qe2 Qe7 18. Rad1 Rad8 19. Rf3 Bc6 20. Qc2 Be8 21. Rh3 Bg6 22. Nf2 Nxf2 23. Kxf2 f5 24. Be2 Rc8 25. Qd2 Rc7 26. Kg1 c4 27. Rf1 b5 28. a3 a5 29. g4 fxg4 30. Bxg4 Rf6 31. Rg3 Rb7 32. Qg2 Bd3 33. Be2 Bf5 34. Bf3 Bd3 35. Be2 Bxe2 36. Qxe2 Qd6 37. Qg2 Rbf7 38. Kh1 Kf8 39. Rg1 Qd7 40. Qh3 Rh6 41. Qg4 Qe7 42. Rh3 Qf6 43. Rxh6 Qxh6 44. Rg3 Qf6 45. h3 Qf5 46. Kh2 Ke8 47. Qe2 h6 48. Qg2 Kf8 49. Qe2 Rb7 50. Qd2 g6 51. Rg2 Kf7 52. Re2 Qe4 53. Rg2 Kg7 54. Re2 Rf7 55. Rg2 Kh7 56. Qc2 Qxc2 57. Rxc2 g5 58. fxg5 hxg5 59. Kg2 Kg6 60. Re2 e5 61. dxe5 Re7 62. Kf3 Rxe5 63. e4 Kh5 64. exd5 Rxd5 65. Ke4 Rd3 66. Rh2 Kh4 67. Kf5 Rf3+ 68. Kg6 Rg3 69. Kf5 Rg1 70. Ke4 Kg3 71. Re2 Kxh3 72. Kd4 Rf1 73. Re5 g4 74. Rxb5 g3 75. Rb8 g2 76. Rh8+ Kg3 77. Rg8+ Kf3 78. Kxc4 g1Q 79. Rxg1 Rxg1 80. b4 axb4 81. axb4 Ke4 82. b5 Ke5 83. Kc5 Ke6 84. Kc6 Rc1 85. b6 Rxc3+ 0-1

[Event "Gibraltar Masters 15th"]
[Site "Caleta"]
[Date "2017.01.28"]
[Round "5"]
[White "Bergstrom, Rolf"]
[Black "Agbabishvili, Lali"]
[Result "1-0"]
[WhiteElo "2268"]
[BlackElo "2095"]
[PlyCount "93"]
[EventDate "2017.01.24"]
[EventType "swiss"]
[EventRounds "10"]
[EventCountry "GGB"]
[SourceTitle "CBM 177"]
[Source "ChessBase"]
[SourceDate "2017.03.16"]
[SourceVersion "1"]
[SourceVersionDate "2017.03.16"]
[SourceQuality "1"]

1. e4 c5 2. Nf3 d6 3. Bb5+ Nd7 4. 0-0 a6 5. Bd3 Ngf6 6. c3 e5 7. Bc2 Be7 8. d4 b5 9. Re1 0-0 10. Nbd2 Re8 11. Nf1 Bb7 12. d5 c4 13. Ng3 Nc5 14. h3 g6 15. Be3 Qc7 16. Qd2 Bf8 17. Nh2 Bg7 18. f3 Bc8 19. Ng4 h5 20. Nf2 Nh7 21. b4 Nd7 22. a4 Bb7 23. Ne2 Qd8 24. g4 hxg4 25. hxg4 Bf6 26. Nh3 Bh4 27. Rf1 g5 28. axb5 axb5 29. Rxa8 Bxa8 30. Ra1 f6 31. Ra5 Qb8 32. Kg2 Kf7 33. Ba7 Qb7 34. Qc1 Nhf8 35. Qa1 Ke7 36. Bg1 Rb8 37. Ra6 Qc8 38. Ba7 Rb7 39. Nf2 Ng6 40. Nd1 Qc7 41. Bg1 Rb8 42. Rxa8 Rxa8 43. Qxa8 Nf4+ 44. Kf1 Nh3 45. Ne3 Nxg1 46. Nf5+ Kf7 47. Qh8 1-0

[Event "Gibraltar Masters 15th"]
[Site "Caleta"]
[Date "2017.01.26"]
[Round "3"]
[White "Tranter, Stephen"]
[Black "Agbabishvili, Lali"]
[Result "0-1"]
[WhiteElo "1950"]
[BlackElo "2095"]
[PlyCount "50"]
[EventDate "2017.01.24"]
[EventType "swiss"]
[EventRounds "10"]
[EventCountry "GGB"]
[SourceTitle "CBM 177"]
[Source "ChessBase"]
[SourceDate "2017.03.16"]
[SourceVersion "1"]
[SourceVersionDate "2017.03.16"]
[SourceQuality "1"]

1. e4 c5 2. Nf3 d6 3. Bb5+ Nd7 4. 0-0 a6 5. Bxd7+ Bxd7 6. d4 cxd4 7. Qxd4 e5 8. Qd3 Rc8 9. b3 Be7 10. Rd1 Qc7 11. c4 b5 12. Na3 Qb7 13. Bg5 f6 14. Bh4 d5 15. cxb5 axb5 16. Nxb5 Bxb5 17. Qxd5 Qxd5 18. exd5 Kd7 19. Bg3 Be2 20. Rd2 Bxf3 21. gxf3 Bd6 22. a4 Ra8 23. Rb2 Ne7 24. b4 Rhb8 25. b5 Nxd5 0-1

[Event "Gibraltar Masters 15th"]
[Site "Caleta"]
[Date "2017.01.25"]
[Round "2"]
[White "Agbabishvili, Lali"]
[Black "Oparin, Grigoriy"]
[Result "0-1"]
[WhiteElo "2095"]
[BlackElo "2625"]
[PlyCount "58"]
[EventDate "2017.01.24"]
[EventType "swiss"]
[EventRounds "10"]
[EventCountry "GGB"]
[SourceTitle "CBM 177"]
[Source "ChessBase"]
[SourceDate "2017.03.16"]
[SourceVersion "1"]
[SourceVersionDate "2017.03.16"]
[SourceQuality "1"]

1. d4 Nf6 2. c4 c5 3. Nf3 cxd4 4. Nxd4 Nc6 5. Nc3 e6 6. Nxc6 bxc6 7. e3 Bb4 8. Bd2 0-0 9. Be2 d5 10. 0-0 Qe7 11. a3 Bd6 12. b4 e5 13. Be1 Be6 14. cxd5 cxd5 15. Kh1 Rad8 16. f4 d4 17. exd4 exf4 18. Bh4 h6 19. Bxf6 Qxf6 20. Ne4 Qe7 21. Nxd6 Qxd6 22. Qd2 g5 23. Rad1 Bb3 24. Rb1 Ba4 25. Rbc1 Qxd4 26. Qxd4 Rxd4 27. Rc7 Rd7 28. Rfc1 Rxc7 29. Rxc7 Re8 0-1

[Event "Gibraltar Masters 15th"]
[Site "Caleta"]
[Date "2017.01.24"]
[Round "1"]
[White "Steinberg, Nitzan"]
[Black "Agbabishvili, Lali"]
[Result "1-0"]
[WhiteElo "2486"]
[BlackElo "2095"]
[PlyCount "49"]
[EventDate "2017.01.24"]
[EventType "swiss"]
[EventRounds "10"]
[EventCountry "GGB"]
[SourceTitle "CBM 177"]
[Source "ChessBase"]
[SourceDate "2017.03.16"]
[SourceVersion "1"]
[SourceVersionDate "2017.03.16"]
[SourceQuality "1"]

1. e4 c5 2. Nf3 d6 3. d4 cxd4 4. Nxd4 Nf6 5. Nc3 a6 6. h4 e5 7. Nb3 Be6 8. f4 Bg4 9. Be2 Bxe2 10. Qxe2 Nbd7 11. g4 Nb6 12. g5 Nfd7 13. a4 Rc8 14. a5 Nc4 15. f5 Be7 16. Nd5 Rc6 17. Rh3 Qc8 18. Rc3 b5 19. axb6 Ndxb6 20. Nxb6 Nxb6 21. Rxc6 Qxc6 22. Rxa6 0-0 23. Na5 Qc7 24. Be3 Nc8 25. Qc4 1-0

[Event "Toronto Hart House Holidays op"]
[Site "Toronto"]
[Date "2016.12.18"]
[Round "4"]
[White "Agbabishvili, Lali"]
[Black "Findlay, Ian T"]
[Result "1-0"]
[WhiteElo "2241"]
[BlackElo "2304"]
[PlyCount "81"]
[EventDate "2016.12.16"]
[EventType "swiss"]
[EventRounds "5"]
[EventCountry "CAN"]
[SourceTitle "EXT 2022"]
[Source "ChessBase"]
[SourceDate "2021.10.06"]
[SourceVersion "1"]
[SourceVersionDate "2021.10.06"]
[SourceQuality "1"]

1. d4 Nf6 2. Nf3 c5 3. g3 cxd4 4. Nxd4 d5 5. Bg2 e5 6. Nb3 Nc6 7. 0-0 Be7 8. c3 0-0 9. Bg5 Be6 10. N1d2 Qd7 11. Bxf6 gxf6 12. e4 f5 13. exd5 Bxd5 14. Nc4 e4 15. Ne3 Rad8 16. Bh3 Be6 17. Qxd7 Rxd7 18. Bxf5 Bxf5 19. Nxf5 Rd5 20. Nxe7+ Nxe7 21. Rfe1 f5 22. f3 Nc6 23. fxe4 fxe4 24. Rxe4 Ne5 25. Rf1 Nf3+ 26. Kg2 Rdf5 27. Rg4+ Kh8 28. Rf4 Rxf4 29. gxf4 Nh4+ 30. Kg3 Nf5+ 31. Kf3 Kg7 32. Rd1 Rf7 33. Rd5 Kg6 34. Nd4 Nxd4+ 35. Rxd4 Kf6 36. c4 b6 37. b3 Re7 38. Rd5 Re1 39. Rd7 a5 40. Rxh7 Rd1 41. Rh6+ 1-0

[Event "Olympiad Women-42"]
[Site "Baku"]
[Date "2016.09.06"]
[Round "5.4"]
[White "Agbabishvili, Lali"]
[Black "Molina, Jessica"]
[Result "1-0"]
[WhiteElo "2064"]
[BlackElo "1883"]
[PlyCount "65"]
[EventDate "2016.09.02"]
[EventType "team-swiss"]
[EventRounds "11"]
[EventCountry "AZE"]
[SourceTitle "CBM 174 Extra"]
[Source "ChessBase"]
[SourceDate "2016.10.10"]
[SourceVersion "1"]
[SourceVersionDate "2016.10.10"]
[SourceQuality "1"]
[WhiteTeam "Canada (W)"]
[BlackTeam "Bolivia (W)"]
[WhiteTeamCountry "CAN"]
[BlackTeamCountry "BOL"]

1. Nf3 Nf6 2. g3 d5 3. Bg2 c5 4. d4 e6 5. 0-0 Nc6 6. c3 cxd4 7. cxd4 Bd6 8. Nc3 a6 9. Bg5 0-0 10. Rc1 h6 11. Be3 Bd7 12. Kh1 Ng4 13. Bd2 f5 14. e3 g5 15. Ne1 Nf6 16. Nd3 Be8 17. Na4 Rf7 18. Nac5 Re7 19. Bc3 Ne4 20. Nxe4 dxe4 21. Nc5 Bxc5 22. dxc5 Rd7 23. Qb3 Bf7 24. Rfd1 g4 25. Rxd7 Qxd7 26. Rd1 Qe7 27. Rd6 Rd8 28. Qd1 Rxd6 29. cxd6 Qd7 30. Bxe4 h5 31. Bg2 Ne7 32. Qd4 Kf8 33. dxe7+ 1-0

[Event "Canadian op"]
[Site "Windsor"]
[Date "2016.07.15"]
[Round "6"]
[White "Agbabishvili, Lali"]
[Black "MacDonald, Jonathan"]
[Result "1-0"]
[WhiteElo "2012"]
[BlackElo "2030"]
[PlyCount "104"]
[EventDate "2016.07.10"]
[EventType "swiss"]
[EventRounds "9"]
[EventCountry "CAN"]
[SourceTitle "EXT 2017"]
[Source "ChessBase"]
[SourceDate "2016.10.25"]
[SourceVersion "1"]
[SourceVersionDate "2016.10.25"]
[SourceQuality "1"]

1. Nf3 c5 2. g3 Nc6 3. Bg2 d5 4. d3 e5 5. 0-0 Nf6 6. e4 dxe4 7. dxe4 Bg4 8. Nbd2 Be7 9. c3 0-0 10. Qc2 Qd7 11. Re1 h6 12. Nc4 Qe6 13. Ne3 Bh3 14. Nf5 Bxg2 15. Kxg2 Rfd8 16. Qb3 Qxb3 17. axb3 Bf8 18. Nd2 Rd7 19. f3 Rad8 20. Nc4 b6 21. Kf2 Kh7 22. Ke2 g6 23. Nfe3 Kg7 24. Rd1 Be7 25. Rxd7 Rxd7 26. Bd2 Bd8 27. Be1 b5 28. Nd2 Kf8 29. Bf2 Bb6 30. Rf1 Ke8 31. Nc2 Ng8 32. Ne3 Nce7 33. g4 f6 34. h4 Kf7 35. Bg3 g5 36. h5 Ke6 37. Rd1 Rd6 38. Ndf1 c4 39. Rxd6+ Kxd6 40. bxc4 bxc4 41. Nxc4+ Kc5 42. Kd3 Nc6 43. Bf2+ Kb5 44. Bxb6 axb6 45. Nfe3 Na5 46. Nxa5 bxa5 47. Nd5 a4 48. c4+ Kc5 49. Kc3 Kd6 50. Kb4 Kc6 51. c5 Kd7 52. Kxa4 Ke6 1-0

[Event "Gibraltar Masters 13th"]
[Site "Caleta"]
[Date "2015.02.03"]
[Round "8"]
[White "Agbabishvili, Lali"]
[Black "Danielsson, Robert"]
[Result "1/2-1/2"]
[WhiteElo "1978"]
[BlackElo "2121"]
[PlyCount "52"]
[EventDate "2015.01.27"]
[EventType "swiss"]
[EventRounds "10"]
[EventCountry "GGB"]
[SourceTitle "CBM 165"]
[Source "ChessBase"]
[SourceDate "2015.03.11"]
[SourceVersion "1"]
[SourceVersionDate "2015.03.11"]
[SourceQuality "1"]

1. Nf3 Nf6 2. g3 d5 3. Bg2 g6 4. 0-0 Bg7 5. c4 c5 6. cxd5 Nxd5 7. Nc3 0-0 8. Nxd5 Qxd5 9. d3 Nc6 10. Ng5 Qd7 11. Rb1 h6 12. Ne4 b6 13. Be3 Bb7 14. Qa4 Rfd8 15. Nc3 e5 16. Qh4 g5 17. Qh5 Ne7 18. Bxb7 Qxb7 19. h4 f6 20. hxg5 fxg5 21. Ne4 Nd5 22. b3 Qf7 23. Qh3 Qd7 24. Qh5 Qf7 25. Qh3 Qd7 26. Qh5 Qf7 1/2-1/2

[Event "Gibraltar Masters 13th"]
[Site "Caleta"]
[Date "2015.02.01"]
[Round "6"]
[White "Agbabishvili, Lali"]
[Black "Homer, Neil S"]
[Result "1-0"]
[WhiteElo "1978"]
[BlackElo "1716"]
[PlyCount "67"]
[EventDate "2015.01.27"]
[EventType "swiss"]
[EventRounds "10"]
[EventCountry "GGB"]
[SourceTitle "CBM 165"]
[Source "ChessBase"]
[SourceDate "2015.03.11"]
[SourceVersion "1"]
[SourceVersionDate "2015.03.11"]
[SourceQuality "1"]

1. c4 e6 2. g3 d5 3. Bg2 c5 4. Nf3 Nf6 5. 0-0 Nc6 6. b3 d4 7. d3 Bd6 8. e3 e5 9. exd4 cxd4 10. a3 0-0 11. b4 Bd7 12. Re1 Re8 13. Bg5 h6 14. Bxf6 Qxf6 15. Nbd2 Bf5 16. Ne4 Bxe4 17. Rxe4 Re7 18. Qa4 Bc7 19. Rae1 Rae8 20. Qd1 Nb8 21. Qe2 Kf8 22. Qb2 Nd7 23. R4e2 Bb8 24. Nd2 Qb6 25. Be4 Nf6 26. Bf3 Qc7 27. Qb3 Qd7 28. c5 Rd8 29. Rc1 Rc8 30. Ree1 Rc7 31. Bg2 Re8 32. Nc4 Rcc8 33. Na5 Re7 34. Bxb7 1-0

[Event "Gibraltar Challengers-A 13th"]
[Site "Caleta"]
[Date "2015.01.27"]
[Round "2"]
[White "Agbabishvili, Lali"]
[Black "Recklingloh, Frank"]
[Result "1-0"]
[WhiteElo "1978"]
[BlackElo "2133"]
[PlyCount "63"]
[EventDate "2015.01.26"]
[EventType "swiss"]
[EventRounds "5"]
[EventCountry "GGB"]
[SourceTitle "CBM 164 Extra"]
[Source "ChessBase"]
[SourceDate "2015.03.02"]
[SourceVersion "1"]
[SourceVersionDate "2015.03.02"]
[SourceQuality "1"]

1. Nf3 d6 2. g3 g6 3. Bg2 Bg7 4. 0-0 c5 5. d4 cxd4 6. Nxd4 Qb6 7. c3 Nc6 8. Nxc6 bxc6 9. Na3 Ba6 10. Be3 Qb7 11. Qb3 Nh6 12. Qxb7 Bxb7 13. Nb5 0-0 14. Nxa7 d5 15. Bc5 Rfe8 16. a4 Rab8 17. Rac1 Bf8 18. b4 e6 19. Bxf8 Rxf8 20. b5 cxb5 21. axb5 Ra8 22. Ra1 Rfb8 23. e4 Ng4 24. exd5 exd5 25. Rfe1 Kf8 26. h3 Nf6 27. Red1 Ke7 28. c4 Kd6 29. cxd5 Bxd5 30. Ra6+ Kc5 31. Bxd5 Nxd5 32. Rc6+ 1-0

[Event "Gibraltar Masters 12th"]
[Site "Caleta"]
[Date "2014.02.05"]
[Round "9"]
[White "Agbabishvili, Lali"]
[Black "Burrows, Martin P"]
[Result "1/2-1/2"]
[WhiteElo "1939"]
[BlackElo "2127"]
[PlyCount "114"]
[EventDate "2014.01.28"]
[EventType "swiss"]
[EventRounds "10"]
[EventCountry "GGB"]
[SourceTitle "CBM 159"]
[Source "ChessBase"]
[SourceDate "2014.03.17"]
[SourceVersion "1"]
[SourceVersionDate "2014.03.17"]
[SourceQuality "1"]

1. c4 Nf6 2. Nf3 e6 3. d4 b6 4. g3 Ba6 5. Qa4 Bb7 6. Bg2 c5 7. dxc5 Bxc5 8. 0-0 0-0 9. Nc3 Be7 10. Bf4 d6 11. Rfd1 a6 12. Rd2 Qc7 13. Qd1 Rd8 14. Rc1 Nh5 15. Be3 Nd7 16. g4 Nhf6 17. h3 Rac8 18. b3 b5 19. cxb5 axb5 20. Nd5 Qxc1 21. Nxe7+ Kf8 22. Nxc8 Qxc8 23. Rxd6 Nd5 24. Qd4 Ke7 25. Rxd5 Bxd5 26. Qxg7 Rf8 27. Bg5+ Kd6 28. Qxh7 f6 29. Be3 Qb7 30. Nh4 Bxg2 31. Nxg2 Ra8 32. a4 bxa4 33. bxa4 Rxa4 34. Qd3+ Ke7 35. Qh7+ Kd6 36. Bf4+ e5 37. Be3 Ra1+ 38. Kh2 Qb1 39. Qxb1 Rxb1 40. Nh4 Rb2 41. Nf5+ Ke6 42. Ng3 Nf8 43. h4 Ng6 44. h5 Nf4 45. Bxf4 exf4 46. Nf5 Kf7 47. Kg2 Rxe2 48. Kf3 Ra2 49. Nd4 Ra4 50. Ne2 Ra3+ 51. Kxf4 Ra2 52. Kf3 Ra3+ 53. Kg2 Kg7 54. Nd4 Kh6 55. f3 Rd3 56. Nf5+ Kg5 57. Kg3 Rxf3+ 1/2-1/2

[Event "Gibraltar Masters 12th"]
[Site "Caleta"]
[Date "2014.01.28"]
[Round "1"]
[White "Agbabishvili, Lali"]
[Black "Valsecchi, Alessio"]
[Result "1/2-1/2"]
[WhiteElo "1939"]
[BlackElo "2418"]
[PlyCount "123"]
[EventDate "2014.01.28"]
[EventType "swiss"]
[EventRounds "10"]
[EventCountry "GGB"]
[SourceTitle "CBM 159"]
[Source "ChessBase"]
[SourceDate "2014.03.17"]
[SourceVersion "1"]
[SourceVersionDate "2014.03.17"]
[SourceQuality "1"]

1. c4 c5 2. Nf3 g6 3. Nc3 Bg7 4. d4 cxd4 5. Nxd4 Nc6 6. Nc2 Bxc3+ 7. bxc3 Qa5 8. Bd2 Nf6 9. f3 d6 10. e4 g5 11. Ne3 Rg8 12. Qc2 Ne5 13. Rb1 Qc7 14. Nd5 Nxd5 15. cxd5 b6 16. Be3 Bd7 17. Bd4 h5 18. Be2 Ng6 19. 0-0 h4 20. Qd2 f6 21. Kh1 Rg7 22. Bb5 Bxb5 23. Rxb5 Qc4 24. Rbb1 Kf7 25. Rfe1 Nf4 26. Rbd1 Rag8 27. h3 Rc8 28. Rb1 Rgg8 29. Rb3 Rc7 30. Be3 Ng6 31. Qe2 Rgc8 32. Qxc4 Rxc4 33. Bd4 Nf4 34. Ra3 R8c7 35. Rb3 Ke8 36. Kg1 Ra4 37. a3 Kd7 38. Kf1 Nd3 39. Ra1 Kc8 40. Ke2 Nf4+ 41. Kf1 Nd3 42. Ke2 Rxd4 43. cxd4 Nc1+ 44. Rxc1 Rxc1 45. f4 Rc2+ 46. Kf3 Kb7 47. fxg5 fxg5 48. Rd3 b5 49. e5 a5 50. g4 hxg3 51. Kxg3 b4 52. axb4 axb4 53. Kg4 Rc3 54. Rd1 Kb6 55. Kxg5 Rxh3 56. Kf5 Kb5 57. Ke6 Kc4 58. exd6 exd6 59. Kxd6 Ra3 60. Rb1 Ra2 61. Kc7 Kxd5 62. Rxb4 1/2-1/2

[Event "Toronto Thanksgiving op"]
[Site "Toronto"]
[Date "2011.10.09"]
[Round "5"]
[White "Agbabishvili, Lali"]
[Black "Calugar, Arthur"]
[Result "0-1"]
[WhiteElo "2036"]
[BlackElo "2376"]
[PlyCount "74"]
[EventDate "2011.10.08"]
[EventType "swiss"]
[EventRounds "6"]
[EventCountry "CAN"]
[SourceTitle "EXT 2022"]
[Source "ChessBase"]
[SourceDate "2021.10.06"]
[SourceVersion "1"]
[SourceVersionDate "2021.10.06"]
[SourceQuality "1"]

1. Nf3 Nf6 2. c4 g6 3. Nc3 Bg7 4. g3 0-0 5. Bg2 d6 6. 0-0 e5 7. d3 Nc6 8. Rb1 Ne8 9. b4 f5 10. Bg5 Qd7 11. Bd2 h6 12. e4 f4 13. b5 Ne7 14. gxf4 exf4 15. h3 g5 16. Nh2 Ng6 17. Nf3 Nf6 18. Nd5 Nxd5 19. cxd5 Qe7 20. Ne1 Bd4 21. Qh5 Qg7 22. Nf3 Bf6 23. Rfc1 b6 24. Rc2 a6 25. a4 axb5 26. axb5 Ra3 27. Bf1 Kh7 28. Bb4 Ra7 29. Be2 Bd7 30. Rbc1 Bxb5 31. Bc3 Ne5 32. Bxe5 dxe5 33. Nh2 Be8 34. Qg4 h5 35. Qc8 Bd7 36. Rxc7 Bxc8 37. Rxg7+ Kxg7 0-1

[Event "Canadian op 48th"]
[Site "Toronto"]
[Date "2011.07.09"]
[Round "1"]
[White "Agbabishvili, Lali"]
[Black "Dougherty, Michael J"]
[Result "0-1"]
[WhiteElo "1954"]
[BlackElo "2314"]
[PlyCount "100"]
[EventDate "2011.07.09"]
[EventType "swiss"]
[EventRounds "9"]
[EventCountry "CAN"]
[SourceTitle "EXT 2022"]
[Source "ChessBase"]
[SourceDate "2021.10.06"]
[SourceVersion "1"]
[SourceVersionDate "2021.10.06"]
[SourceQuality "1"]

1. Nf3 g6 2. c4 Bg7 3. Nc3 e5 4. g3 Ne7 5. d3 0-0 6. Bg2 c6 7. h4 h5 8. 0-0 d5 9. e4 Na6 10. cxd5 cxd5 11. Nd2 Bg4 12. Bf3 d4 13. Ncb1 Qd7 14. Na3 Rac8 15. Bxg4 hxg4 16. f3 Nc5 17. Nb3 Nxb3 18. axb3 gxf3 19. Qxf3 f5 20. Bg5 Nc6 21. Kg2 Na5 22. b4 Nb3 23. Rad1 b5 24. Rh1 a6 25. h5 fxe4 26. Qxe4 gxh5 27. Rxh5 Qc6 28. Qxc6 Rxc6 29. Rh4 Rf5 30. Bd8 Rc1 31. Rhh1 Bh6 32. g4 Rf7 33. Rxc1 Bxc1 34. Nc2 Bf4 35. Ne1 Nc1 36. Bb6 Be3 37. Rf1 Rxf1 38. Kxf1 Kf7 39. Bd8 Ke6 40. Bc7 Kd5 41. Nf3 Nxd3 42. g5 e4 43. g6 Bh6 44. Ng5 e3 45. Nf7 Bg7 46. Ke2 Nxb2 47. Bf4 Ke4 48. Bxe3 d3+ 49. Kf2 Nd1+ 50. Ke1 Nxe3 0-1

[Event "Toronto Ontario op U2000"]
[Site "Toronto"]
[Date "2010.05.23"]
[Round "4"]
[White "Nicholson, Matthew"]
[Black "Agbabishvili, Lali"]
[Result "1/2-1/2"]
[WhiteElo "1932"]
[BlackElo "1627"]
[PlyCount "41"]
[EventDate "2010.05.22"]
[EventType "swiss"]
[EventRounds "6"]
[EventCountry "CAN"]
[SourceTitle "EXT 2022"]
[Source "ChessBase"]
[SourceDate "2021.10.06"]
[SourceVersion "1"]
[SourceVersionDate "2021.10.06"]
[SourceQuality "1"]

1. e4 d6 2. d4 Nf6 3. Nc3 g6 4. Nf3 Bg7 5. h3 c6 6. a4 Qc7 7. Be3 Nbd7 8. Qd2 e5 9. Be2 0-0 10. 0-0 Re8 11. dxe5 dxe5 12. Bc4 Nf8 13. Rad1 Be6 14. Qe2 h6 15. Ne1 a6 16. b3 Nh5 17. Bxe6 Nxe6 18. g3 Nd4 19. Qd2 Rad8 20. Qc1 Kh7 21. Kg2 1/2-1/2

[Event "Toronto Ontario op U2000"]
[Site "Toronto"]
[Date "2010.05.22"]
[Round "1"]
[White "Agbabishvili, Lali"]
[Black "Piccinin, Mario"]
[Result "1-0"]
[WhiteElo "1627"]
[BlackElo "1806"]
[PlyCount "55"]
[EventDate "2010.05.22"]
[EventType "swiss"]
[EventRounds "6"]
[EventCountry "CAN"]
[SourceTitle "EXT 2022"]
[Source "ChessBase"]
[SourceDate "2021.10.06"]
[SourceVersion "1"]
[SourceVersionDate "2021.10.06"]
[SourceQuality "1"]

1. c4 f5 2. Nf3 e6 3. g3 Nf6 4. Bg2 d5 5. cxd5 exd5 6. d4 Bd6 7. Nc3 c6 8. a3 Qe7 9. b4 Nbd7 10. b5 Ne4 11. Nxe4 fxe4 12. bxc6 bxc6 13. Nd2 Nf6 14. Qc2 Bd7 15. Nb3 0-0 16. 0-0 Ng4 17. Nc5 Nxh2 18. Nxd7 Nxf1 19. Nxf8 Nxg3 20. fxg3 Bxg3 21. Qxc6 Qf7 22. Be3 Rxf8 23. Rf1 Qe7 24. Qxd5+ Kh8 25. Rxf8+ Qxf8 26. Bxe4 Qe8 27. Qa8 Bb8 28. Bf4 1-0